LEADER 00959nam a2200229 i 4500 001 000000072121 003 CaOOAMICUS 005 20090213000000.0 008 090213s1977 it u000 u ita u 013 $a43293 040 $aSeMil$bita 100 1 $aBerti, Enrico,$d<1935-2022>.$0(OLS)http://semarc/name/5830 245 10$aAristotele :$bdalla dialettica alla filosofia prima /$cEnrico Berti. 260 $aPadova :$bCEDAM,$c1977. 300 $a477 p. ;$c24 cm. 490 0 $aSaggi di una nuova storia della filosofia 600 04$aAristotele <384-322 a.C.>.$0(OLS)http://semarc/subject/1987 830 0$aSaggi di una nuova storia della filosofia.$0(OLS)http://semarc/title/27317 850 $aSeMil 852 $aSeMil$W1$xVenegono$y1$m2P V 356$j38274$B38274$CSeMilBibl$Z2$F38277 $81 996 $6245$aAristotele :$bdalla dialettica alla filosofia prima$9(OLS)http://semarc/title/116191 996 $6260$aPadova :$bCEDAM$9(OLS)http://semarc/publisher/30274 LEADER 01167nam a2200277 i 4500 001 000000099445 003 CaOOAMICUS 005 20171020000000.0 008 171020s2017 it u000 u ita u 013 $a71597 020 $a978-88-311-7526-5 040 $aSeMil$bita 100 1 $aAngelini, Maria Ignazia <1944- >.$0(OLS)http://semarc/name/23659 245 12$aA regola d'arte :$bappunti per un cammino spirituale /$cMaria Ignazia Angelini. 260 $aRoma :$bCittà Nuova,$c2017. 300 $a158 p. ;$c19 cm. 490 0 $aPrismi. Segni 650 4$aVita spirituale - Iniziazione.$0(OLS)http://semarc/subject/5570 650 4$aAdulti - Regola di vita.$0(OLS)http://semarc/subject/41035 830 0$aPrismi. Segni.$0(OLS)http://semarc/title/401245 850 $aSeMil 852 $aSeMil$W1$xVenegono$y1$m3F II 855$j56935$B56935$CSeMilBibl$Z2$F66956 $81 961 $aOmaggio: Delpini mons. Mario 996 $6020$a978-88-311-7526-5$9(OLS)http://semarc/number/272357 996 $6245$aA regola d'arte :$bappunti per un cammino spirituale$9(OLS)http://semarc/title/406491 996 $6260$aRoma :$bCittà Nuova$9(OLS)http://semarc/publisher/29609